ASEAN forest inventory terminology

Bibliographic Details
Corporate Author: ASEAN Institute of Forest Management (AIFM)
Other Authors: Cosco
Format: Book
Published: Kuala Lumpur : ASEAN Institute of Forest Management , 1989
Subjects:

MARC

LEADER 00000cam a2200000 7i4500
001 0000002176
005 20030319.0
090 0 0 |a 634.903   |b ASE 1989 
245 0 0 |a ASEAN forest inventory terminology   |c information report prepared by John Cosco ... [et al.] 
260 0 0 |a Kuala Lumpur :   |b ASEAN Institute of Forest Management ,   |c 1989 
300 |a 82 p. ;   |c 30 cm. 
500 0 0 |a Bibliography: p. 82 
650 0 0 |a Forests and forestry   |x Dictionaries 
700 0 1 |a Cosco   |h John 
710 1 1 |a ASEAN Institute of Forest Management (AIFM) 
998 |a JPSM 
999 |a 0000003671   |b Monograph   |c Open Shelf   |e Default branch 
999 |a 0000003672   |b Monograph   |c Open Shelf   |e Default branch 
999 |a 0000003673   |b Monograph   |c Open Shelf   |e Default branch 
999 |a 0000003674   |b Monograph   |c Open Shelf   |e Default branch 
999 |a 0000003675   |b Monograph   |c Open Shelf   |e Default branch